| 000 | 00519nam a2200169 i 4500 | ||
|---|---|---|---|
| 001 | 59000 | ||
| 003 | ES-MaACL | ||
| 007 | t| | ||
| 008 | 031027s1982 xxk ||||1| eng d | ||
| 100 | 1 |
_aEddy, Paul. _946619 |
|
| 245 | 1 | 4 |
_aThe falklands war / _cwritten by Paul Eddy and Magnus Linklater, Peter Gillman. |
| 260 |
_aLondon : _bSphere Books, _c[1982] |
||
| 300 |
_a274 p., 8 lám. : _bil. ; _c20 cm. |
||
| 700 | 1 |
_aLinklater, Magnus. _972448 |
|
| 700 | 1 |
_aGillman, Peter. _956984 |
|
| 852 |
_aES-MaACL _jL-7691 _bR.107064 |
||
| 999 |
_c59000 _d59000 |
||